000 01281nam a22003617a 4500
003 CHAP
005 20220329135329.0
008 971013s r 00010 d
010 _a34526
011 _a35498
035 _a39614
040 _cCHAP
082 _a633.18
_bE56
110 _aEmpresa de Pesquisa Agropecuaria de Minas Gerais. Projeto Arroz
_936618
245 _aRelatorio, 19 - .
260 _aBelo Horizonte :
_b(s.e.),
_c19
300 _av.
500 _aLa biblioteca tiene : 1975-76, 1976-77, 1977-78
590 _aBATCH-UPD
_b10
_c20130109
_lUCH01
_h2311
590 _aBATCH-UPD
_b10
_c20130110
_lUCH01
_h1126
590 _aBATCH-UPD
_b10
_c20130410
_lUCH01
_h0716
590 _aBATCH-UPD
_b10
_c20130914
_lUCH01
_h0403
590 _aCONVERSION
_b10
_c20130109
_lUCH01
_h1319
650 1 4 _aArroz.
_97554
650 1 4 _aArroz
_xBrasil.
_97575
650 1 4 _aArroz
_xInvestigación.
_97624
901 _aBK
942 _cLIBRO
949 _a633.18 E56
_bBC
_cLIBRO
_d33724000209615
_eLIBRO
_f76-77
_h45952
_i39614
_si
949 _a633.18 E56
_bBC
_cLIBRO
_d33724000209623
_eLIBRO
_f75-76
_h44480
_i39614
_si
949 _a633.18 E56
_bBC
_cLIBRO
_d33724000209631
_eLIBRO
_f75-76 c.2
_h45951
_i39614
_si
949 _a633.18 E56
_bBC
_cLIBRO
_d33724000397360
_eLIBRO
_f77-78
_h57146
_i39614
_si
999 _c34526
_d34526